Plant virology

محفوظ في:
التفاصيل البيبلوغرافية
التنسيق: كتاب
اللغة:Undetermined
منشور في: Florida Univ. of Florida Press 1964
الموضوعات:
الوسوم: إضافة وسم
لا توجد وسوم, كن أول من يضع وسما على هذه التسجيلة!
Thư viện lưu trữ: Trung tâm Học liệu Trường Đại học Cần Thơ
LEADER 00478nam a2200169Ia 4500
001 CTU_12957
008 210402s9999 xx 000 0 und d
082 |a 632.3 
082 |b P713 
245 0 |a Plant virology 
245 0 |c Edited by M. K. Corbett and H. D. Sisler 
260 |a Florida 
260 |b Univ. of Florida Press 
260 |c 1964 
650 |a Plant diseases,Plants, protection of 
904 |i Minh, hai 
980 |a Trung tâm Học liệu Trường Đại học Cần Thơ